Movies Quiz

Random Movies or Quote Quiz

Star Wars Character by Quote Quiz Stats

 Plays Quiz Updated Apr 5, 2018

Score 0/32 Timer 05:00
7 Plays Today
Quote Character % Correct
Phantom MenaceJar Jar Binks
92.9%
Attack of the ClonesAnakin Skywalker
86.9%
The Empire Strikes BackDarth Vader
84.7%
A New HopePrincess Leia Organa
84.4%
The Empire Strikes BackYoda
81.4%
A New HopeObi-Wan Kenobi
80.3%
The Empire Strikes BackC-3PO
76.7%
Return of the JediLuke Skywalker
74.7%
Revenge of the SithPadme Amidala
74.1%
Return of the JediThe Emperor
73.6%
The Empire Strikes BackHan Solo
72.3%
A New HopeUncle Owen Lars
65.8%
The Force AwakensRey
63%
The Empire Strikes BackBoba Fett
60.5%
Phantom MenaceQui-Gon Jinn
59.2%
Revenge of the SithMace Windu
59.2%
Quote Character % Correct
The Empire Strikes BackLando Calrissian
56.6%
Return of the JediJabba the Hutt
56.2%
Return of the JediAdmiral Ackbar
54.7%
The Force AwakensPoe Dameron
53%
A New HopeGrand Moff Tarkin
48.1%
The Last JediSupreme Leader Snoke
47.9%
Attack of the ClonesJango Fett
45.6%
Revenge of the SithGeneral Grievous
42.8%
The Force AwakensFinn
41.8%
The Last JediKylo Ren
40.5%
Attack of the ClonesCount Dooku
39.8%
The Force AwakensMaz Kanata
39%
The Force AwakensGeneral Hux
37.3%
The Last JediRose Tico
34.2%
The Last JediCaptain Phasma
19.4%
The Last JediVice Admiral Holdo
17.5%

You're not logged in!

Compare scores with friends on all Sporcle quizzes.
OR
Log In

Sporcle TV

Today on Sporcle TV


Watch our educational content, quiz creation guides, and fun videos on Sporcle TV.

Show Comments

Extras

Top Quizzes Today


Score Distribution

Your Account Isn't Verified!

In order to create a playlist on Sporcle, you need to verify the email address you used during registration. Go to your Sporcle Settings to finish the process.

Report this User

Report this user for behavior that violates our Community Guidelines.

Details: